000 00423nam a2200133Ia 4500
008 231129s9999||||xx |||||||||||||| ||spa||
020 _a958-30-0858-3
040 _bspa
082 _a616.9792 L966s
100 _aLuque Núñez Ricardo
245 0 _aEl sida en primera persona: información y claves para el logro de acuerdos preventivos
264 _aPanamericana
942 _2ddc
_cBKS
999 _c12429
_d12429